|
|
|
|
| LEADER |
01886nam a2200289 i 4500 |
| 001 |
GR-MES12591 |
| 003 |
GR-PaULI |
| 005 |
20240425132804.0 |
| 008 |
070702t2002 gr g b 000 0 gre d |
| 020 |
|
|
|a 9603514004
|
| 040 |
|
|
|a GrPaTEI
|b gre
|c GR-PaULI
|e AACR2
|
| 082 |
0 |
4 |
|2 23
|a 657.95
|
| 100 |
1 |
|
|a Σαρσέντης, Βασίλειος Ν.,
|d 1928-
|e συγγραφέας.
|9 2503
|
| 245 |
1 |
0 |
|a Λογιστική εταιριών :
|b (προσαρμοσμένη στο ευρώ) /
|c Βασίλειου Ν. Σαρσέντη, Αναστάσιου Σπ.Παπαναστασάτου.
|
| 250 |
|
|
|a 4η έκδ.
|
| 260 |
|
|
|a Αθήνα :
|b Σταμούλης,
|c 2002.
|
| 300 |
|
|
|a 579 σ. :
|b εικ. ;
|c 24 εκ.
|
| 504 |
|
|
|a Περιλαμβάνει βιβλιογραφία.
|
| 650 |
|
4 |
|a Εταιρείες
|9 23042
|x Λογιστική.
|
| 700 |
1 |
|
|a Παπαναστασάτος, Αναστάσιος Σπ.
|e συγγραφέας.
|9 85560
|
| 942 |
|
|
|2 ddc
|c BK
|
| 952 |
|
|
|0 0
|1 0
|2 ddc
|4 0
|6 657_950000000000000_ΣΑΡ
|7 0
|9 271206
|a MSLG
|b MSLG
|c BSC
|d 2021-01-17
|e 24
|f 1
|g 0.00
|l 0
|o 657.95 ΣΑΡ
|p 2420000021876
|q 2019-05-31
|r 2021-01-17 00:00:00
|t 1
|w 2021-01-17
|y BK15
|x 20070702 0 ΜΑΤΣΙΩΡΗ 1
|x GrPaTEI
|
| 952 |
|
|
|0 0
|1 0
|2 ddc
|4 0
|6 657_950000000000000_ΣΑΡ
|7 0
|9 271207
|a MSLG
|b MSLG
|c BSC
|d 2021-01-17
|e 24
|f 0
|g 0.00
|l 0
|o 657.95 ΣΑΡ
|p 2420000022389
|r 2021-01-17 00:00:00
|t 1
|w 2021-01-17
|y BK15
|x 20070911 0 ΓΑΒΡΙΝΑ 1
|x GrPaTEI
|
| 952 |
|
|
|0 0
|1 0
|2 ddc
|4 0
|6 657_950000000000000_ΣΑΡ
|7 0
|9 271208
|a MSLG
|b MSLG
|c BSC
|d 2021-01-17
|e 24
|f 1
|g 0.00
|l 0
|o 657.95 ΣΑΡ
|p 2420000022390
|q 2019-06-28
|r 2021-01-17 00:00:00
|t 1
|w 2021-01-17
|y BK15
|x 20070911 0 ΓΑΒΡΙΝΑ 1
|x GrPaTEI
|
| 952 |
|
|
|0 0
|1 0
|2 ddc
|4 0
|6 657_950000000000000_ΣΑΡ
|7 0
|9 379761
|a MSLG
|b MSLG
|c BSC
|d 2024-04-25
|i 30371
|l 0
|o 657.95 ΣΑΡ
|p 992420030371
|r 2024-04-25 00:00:00
|t 4
|w 2024-04-25
|y BK15
|
| 998 |
|
|
|c ΒΑΣΙΛΕΙΟΥ
|d 2024-04
|
| 999 |
|
|
|c 156622
|d 156622
|